[Event "Titled Tuesday intern op 21st May Late"]
[Site "Chess.com INT"]
[Date "2024.05.21"]
[Round "9"]
[White "Fantinel, Thibault"]
[Black "Zacarias Martinez, Ruben David"]
[Result "1-0"]
[WhiteElo "2406"]
[BlackElo "2199"]
[PlyCount "125"]
[EventDate "2024.05.21"]
[EventType "swiss (blitz)"]
[EventRounds "11"]
[EventCountry "USA"]
[SourceTitle "CBM 220 Extra"]
[Source "ChessBase"]
[SourceDate "2024.07.31"]
[SourceVersion "1"]
[SourceVersionDate "2024.07.31"]
[SourceQuality "1"]

1. c4 Nf6 2. g3 g6 3. Bg2 Bg7 4. Nc3 0-0 5. e4 d6 6. Nge2 c5 7. 0-0 Nc6 8. d3 a6 9. Be3 Rb8 10. a4 Ng4 11. Bc1 Nf6 12. Be3 Ng4 13. Bg5 h6 14. Bc1 Nf6 15. Be3 Ng4 16. Bc1 Nf6 17. h3 Ne8 18. Be3 b5 19. axb5 axb5 20. Nxb5 Bxb2 21. Bxh6 Bxa1 22. Qxa1 f6 23. Bxf8 Kxf8 24. f4 Nc7 25. e5 Nb4 26. Nxc7 Qxc7 27. exf6 Nxd3 28. fxe7+ Qxe7 29. Qh8+ Kf7 30. Bd5+ Be6 31. Qh7+ Kf6 32. Qh4+ Kf7 33. Qh7+ Kf6 34. Qh4+ Kf7 35. f5 Bxd5 36. fxg6+ Ke8 37. Qxe7+ Kxe7 38. cxd5 Rg8 39. Rf7+ Ke8 40. Rf6 Kd7 41. Nf4 c4 42. Nxd3 cxd3 43. Kf2 Re8 44. Rf7+ Kd8 45. Ra7 d2 46. Ra8+ Kd7 47. Ra7+ Kd8 48. Ra1 Re5 49. Rd1 Rxd5 50. h4 Ke7 51. Ke3 Kf6 52. Rxd2 Re5+ 53. Kf4 d5 54. g4 Re4+ 55. Kf3 Re5 56. h5 Ke6 57. Kf4 Kf6 58. Rd3 Re4+ 59. Kg3 d4 60. Kf3 Ke5 61. h6 Rf4+ 62. Kg3 Rf6 63. h7 1-0

[Event "Titled Tuesday intern op 21st May Early"]
[Site "Chess.com INT"]
[Date "2024.05.21"]
[Round "11"]
[White "Orzech, Dominik"]
[Black "Zacarias Martinez, Ruben David"]
[Result "1-0"]
[WhiteElo "2248"]
[BlackElo "2199"]
[PlyCount "85"]
[EventDate "2024.05.21"]
[EventType "swiss (blitz)"]
[EventRounds "11"]
[EventCountry "USA"]
[SourceTitle "CBM 220 Extra"]
[Source "ChessBase"]
[SourceDate "2024.07.31"]
[SourceVersion "1"]
[SourceVersionDate "2024.07.31"]
[SourceQuality "1"]

1. d4 Nf6 2. Nf3 g6 3. c4 Bg7 4. g3 0-0 5. Bg2 d6 6. 0-0 Nc6 7. Nc3 e5 8. d5 Nb8 9. e4 a5 10. Ne1 Na6 11. Nd3 c6 12. f4 cxd5 13. cxd5 Ng4 14. Qe2 exf4 15. gxf4 Qh4 16. h3 Bd4+ 17. Kh1 Nf6 18. Qe1 Qh5 19. Qg3 Re8 20. e5 Bf5 21. exf6 Bxc3 22. bxc3 Re2 23. Nf2 Rae8 24. Bf3 Qh6 25. Bxe2 Rxe2 26. Be3 Nc7 27. c4 b5 28. Rae1 Rxe1 29. Rxe1 bxc4 30. Bd4 Qh5 31. Qe3 Bd7 32. Kh2 Qxd5 33. Ne4 Bc6 34. Qf2 Ne6 35. Bc3 Nc5 36. Nxc5 dxc5 37. Qe2 h5 38. Qf2 Kh7 39. Be5 Qd3 40. f5 g5 41. Rg1 Kh6 42. Bf4 Qxf5 43. Bxg5+ 1-0

[Event "Titled Tuesday intern op 21st May Late"]
[Site "Chess.com INT"]
[Date "2024.05.21"]
[Round "6"]
[White "Shapiro, Viktor"]
[Black "Zacarias Martinez, Ruben David"]
[Result "0-1"]
[WhiteElo "2112"]
[BlackElo "2199"]
[PlyCount "54"]
[EventDate "2024.05.21"]
[EventType "swiss (blitz)"]
[EventRounds "11"]
[EventCountry "USA"]
[SourceTitle "CBM 220 Extra"]
[Source "ChessBase"]
[SourceDate "2024.07.31"]
[SourceVersion "1"]
[SourceVersionDate "2024.07.31"]
[SourceQuality "1"]

1. c4 Nf6 2. Nc3 g6 3. Nf3 Bg7 4. d4 0-0 5. Bg5 h6 6. Bh4 d6 7. e3 c5 8. Be2 g5 9. Bg3 Nh5 10. Qc2 Nxg3 11. hxg3 g4 12. Nh4 cxd4 13. exd4 Nc6 14. Nf5 Bxf5 15. Qxf5 Nxd4 16. Qxg4 f5 17. Qg6 Rf6 18. Qh5 Nc2+ 19. Kd2 Nxa1 20. Rxa1 Qb6 21. Kc2 Rf7 22. Qf3 e6 23. Rd1 Rc8 24. b3 d5 25. Rd2 Qa5 26. Qd3 dxc4 27. bxc4 Rfc7 0-1